000 05532cam a22008534i 4500
001 u39399
003 PE-LiUPU
005 20250731170443.0
008 150625s2007 sp a rb 001 0 spa d
020 _a8448156501
020 _a9788448156503
035 _a(Sirsi) i9788448156503
040 _aPE-LiUPU
_bspa
_cPE-LiUPU
_erda
_dPE-LiUPU
_erda
049 _aPRUA
082 0 4 _a155.2
_bF34 2007
082 0 4 _a155.22
_bF34
_221
100 1 _aFeist, Jess,
_eautor.
245 1 0 _aTeorías de la personalidad /
_cJess Feist y Gregory J. Feist.
250 _aSexta edición.
264 1 _aMadrid :
_bMcGRAW-Hill/Interamericana de España,
_c2007.
300 _a559 páginas :
_bilustraciones ;
_c24 centímetros
336 _atext
_2rdacontent
337 _aunmediated
_2rdamedia
338 _avolume
_2rdacarrier
504 _aBibliografía: páginas R0-R22.
504 _aÍndice: páginas N1-A13.
505 0 _aIntroducción a la teoría de la personalidad -- Teorías psicodinámicas -- Freud: El psicoanálisis -- Alder: La psicología individual -- Jung: La psicología analítica -- Klein: La teoría de las relaciones objetales -- Horney: El psicoanálisis interpersonal -- Fromm: El psicoanálisis humanista -- Sullivan: La teoría interpersonal -- Erikson: La teoría postfreudiana -- Teorías humanistas existenciales -- Maslow: La teoría holístico-dinámica -- Rogers: La teoría centrada en la persona -- May: La psicología existencial -- Teorías de los rasgos -- Allport: La psicología del individuo -- Eysenck, McCrae y Costa: Las teorías de los rasgos y factores -- Teorias del aprendizaje -- Skinner: El análisis de la conducta -- Bandura: La teoría del aprendizaje social -- Rotter y mischel: La teoría del aprendizaje social cognitivo -- Kelly: La psicología de los constructores personales.
526 _aSEG68
526 _aSEG70
526 _aSEG69
526 _aSEG67
526 _aSEG43
526 _aP144
526 _aP143
526 _aP131
526 _aP122
526 _aP120
526 _aP117
526 _aP112
526 _aP110
526 _aP106
526 _aP101
526 _aP80
526 _aP59
526 _aP54
526 _aP35
526 _aP33
526 _aP30
541 _g0030-004752;
596 _a1 2 3
650 0 4 _aPersonalidad
_vLibros de texto.
700 1 _aFeist, Gregory J.,
_eautor.
910 _armch
_btqv
_cwelc
_d20160824
910 _bjv
_clch
_d20090206
942 _2ddc
_cBOOK
949 _a155.2 F34 2007
_wDEWEY
_c1
_i1007735
_lCCODEBUJ1
_mBUJ
_p60.00
_r0
_sY
_tBOOK
_u2015-12-14
_xSALUD
_PP33
_0COMPRA
_o.STAFF. Colección General
949 _a155.2 F34 2007
_wDEWEY
_c2
_iFJ01525
_lCCODEBUJ1
_mBUJ
_n15
_p60.00
_r0
_sY
_tBOOK
_u2015-12-14
_xSALUD
_PP33
_0COMPRA
_o.STAFF. Colección General Juliaca
949 _a155.2 F34 2007
_wDEWEY
_c3
_iFJ01621
_lCCODEBUJ1
_mBUJ
_n4
_p60.00
_q2
_r0
_sY
_tBOOK
_u2015-12-14
_xSALUD
_PP33
_0COMPRA
_o.STAFF. Colección General Juliaca
949 _a155.2 F34 2007
_wDEWEY
_c4
_iFJ01556
_d2018-5-10
_e2018-5-10
_f2017-12-28
_g1
_lCCODEBUJ1
_mBUJ
_n7
_p60.00
_q5
_r0
_sY
_tBOOK
_u2015-12-14
_xSALUD
_PP33
_0COMPRA
_o.STAFF. Colección General
949 _a155.2 F34 2007
_wDEWEY
_c5
_iFJ01557
_d2017-10-24
_e2017-10-19
_f2017-12-28
_g1
_lCCODEBUJ1
_mBUJ
_n3
_p60.00
_q5
_r0
_sY
_tBOOK
_u2015-12-14
_xSALUD
_PP33
_0COMPRA
_o.STAFF. Colección General
949 _a155.2 F34 2007
_wDEWEY
_c6
_iFJ01553
_d2018-5-24
_e2018-5-22
_f2017-12-28
_g1
_lCCODEBUJ1
_mBUJ
_n4
_p60.00
_q3
_r0
_sY
_tBOOK
_u2015-12-14
_xSALUD
_PP33
_0COMPRA
_o.STAFF. Colección General
949 _a155.22 F34
_wDEWEY
_c1
_i58937
_d2018-5-31
_e2017-11-9
_f2018-2-10
_g2
_lCCODEBUL1
_mBUL
_n31
_p36.00
_q8
_r0
_sY
_tBOOK
_u2015-6-25
_xSALUD
_PP33
_0COMPRA
_o.STAFF. Colección Ciencias de la Salud
949 _a159.923 F34
_wDEWEY
_c1
_iFT01096
_d2018-4-9
_e2018-4-6
_lCCODEBUT1
_mBUT
_n1
_p44.00
_r0
_sY
_tBOOK
_u2015-10-14
_xSALUD
_PP33
_0COMPRA
_o.STAFF. Colección General
994 _aC0
_bPEPRU
999 _a155.22 F34
_wDEWEY
_c47771
_i58937
_d47771
_e2019-10-17
_f2021-11-3
_g5
_lCCODEBUL1
_mBUL
_n45
_p36.00
_q16
_r0
_sY
_tBOOK
_u2015-6-25
_xSALUD
_zP33
_0COMPRA
_o.STAFF. Colección Ciencias de la Salud
999 _a159.923 F34
_wDEWEY
_c1
_iFT01096
_d2022-6-27
_e2022-6-23
_f2019-2-20
_g1
_lCCODEBUT1
_mBUT
_n10
_p44.00
_r0
_sY
_tBOOK
_u2015-10-14
_xSALUD
_PP33
_0COMPRA
_o.STAFF. Colección General
999 _a155.2 F34 2007
_wDEWEY
_c2
_iFJ01525
_d2019-11-19
_e2019-10-16
_f2022-1-17
_g4
_lCCODEBUJ1
_mBUJ
_n32
_p60.00
_q44
_r0
_sY
_tBOOK
_u2015-12-14
_xSALUD
_PP33
_0COMPRA
_o.STAFF. Colección General Juliaca
999 _a155.2 F34 2007
_wDEWEY
_c3
_iFJ01621
_d2019-10-11
_e2019-10-3
_f2022-1-17
_g4
_lCCODEBUJ1
_mBUJ
_n14
_p60.00
_q14
_r0
_sY
_tBOOK
_u2015-12-14
_xSALUD
_PP33
_0COMPRA
_o.STAFF. Colección General Juliaca
999 _a155.2 F34 2007
_wDEWEY
_c4
_iFJ01556
_d2019-10-21
_e2019-10-16
_f2022-2-16
_g4
_lCCODEBUJ1
_mBUJ
_n19
_p60.00
_q25
_r0
_sY
_tBOOK
_u2015-12-14
_xSALUD
_PP33
_0COMPRA
_o.STAFF. Colección General
999 _a155.2 F34 2007
_wDEWEY
_c5
_iFJ01557
_d2022-5-4
_e2022-5-4
_f2022-2-16
_g4
_lCCODEBUJ1
_mBUJ
_n15
_p60.00
_q17
_r0
_sY
_tBOOK
_u2015-12-14
_xSALUD
_PP33
_0COMPRA
_o.STAFF. Colección General
999 _a155.2 F34 2007
_wDEWEY
_c6
_iFJ01553
_d2019-10-30
_e2019-10-28
_f2022-2-16
_g4
_lCCODEBUJ1
_mBUJ
_n20
_p60.00
_q20
_r0
_sY
_tBOOK
_u2015-12-14
_xSALUD
_PP33
_0COMPRA
_o.STAFF. Colección General
980 _81
_gALBERTO SANCHEZ Responsable de Automatización